Detalles MARC
| 000 -LIDER |
| fixed length control field |
01223nam a2200265 a 4500 |
| 001 - NÚMERO DE CONTROL |
| Identificador de número de control |
000000760 |
| 003 - IDENTIFICACDOR DE NÚMERO DE CONTROL |
| control field |
DO-SdBNP |
| 005 - DATE AND TIME OF LATEST TRANSACTION |
| control field |
20230712135625.0 |
| 008 - ELEMENTOS DE LONGITUD FIJA |
| fixed length control field |
090509m2000 dr d 000 0 spa d |
| 040 ## - FUENTE DE CATALOGACIÓN |
| Agencia que crea de manera original el registro |
BPMSU |
| Idioma de catalogación |
spa |
| Agencia que realiza la transcripción |
BPMSU |
| 082 #4 - NÚMERO DE CLASIFICACIÓN DECIMAL DE DEWEY |
| Classification number |
327.97293 |
| Item number |
N964p 2000- |
| Edition number |
22 |
| 245 03 - MENCIÓN DE TITULO |
| Título |
La nueva política exterior dominicana y temas de relaciones internacionales / |
| Mención de responsabilidad |
edición Ana E. Martínez. |
| 260 ## - PUBLICACIÓN, DISTRIBUCIÓN, ETC. (PIE DE IMPRENTA) |
| Lugar de publicación, distribución, etc |
Santo Domingo : |
| Nombre del editor, distribuidor, etc. |
Secretaría de Estado de Relaciones Exteriores, |
| Fecha de publicación, distribución, etc |
2000. |
| 300 ## - DESCRIPCIÓN FÍSICA |
| Extensión |
v. : |
| Otros detalles físicos |
gráf. ; |
| Dimensiones |
23 cm. |
| 500 ## - NOTA GENERAL |
| Nota general |
|
| 504 ## - NOTA DE BIBLIOGRAFÍA, ETC. |
| Bibliography, etc |
Incluye referencias bibliográficas y notas al pie de las páginas |
| 505 0# - NOTA DE CONTENIDO |
| Texto normalizado de contenido |
Presentación / |
| Mención de responsabilidad |
Dr. Eduardo Latorre (Secretario de Estado de Relaciones Exteriores) -- |
| Título |
Primera parte - La nueva política exterior dominicana -- |
| -- |
Segunda parte - Temas de relaciones internacionales -- |
| 590 ## - NOTA LOCAL |
| Enlace |
Inventariado, 2023/VM |
| 600 14 - ENCABEZAMIENTO DE MATERIA--NOMBRE PERSONAL |
| Nombre personal |
Fernández, Leonel |
| Fechas asociadas con el nombre |
1953 - |
| Subdivisión temática general |
ENsayos, conferencias, etc. |
| 651 #4 - ENCABEZAMIENTO DE MATERIA--NOMBRE GEOGRÁFICO |
| Nombre geográfico |
República Dominicana |
| Subdivisión temática general |
Relaciones exteriores |
| -- |
Ensayos, confrencias, etc. |
| 700 1# - ASIENTO SECUNDARIO -- NOMBRE PERSONAL |
| Nombre personal |
Martínez, Ana E. |
| Mención de responsabilidad |
ed. |
| 710 2# - ASIENTO SECUNDARIO -- NOMBRE CORPORATIVO |
| Nombre corporativo o de jurisdicción |
Secretaría de Estado de Relaciones Exteriores (República Dominicana) |
| 910 ## - VALIDACIÓN |
| Validación |
VMateo V. Control de calidad (BPMSU) |
| 942 ## - ADDED ENTRY ELEMENTS (KOHA) |
| Source of classification or shelving scheme |
Dewey Decimal Classification |
| Koha item type |
Libros |